[Event "Tatry op"]
[Site "Tatranske Zruby"]
[Date "2019.09.30"]
[Round "4"]
[White "Meers, Hubert"]
[Black "Endresz, Pavol"]
[Result "1-0"]
[WhiteElo "2026"]
[BlackElo "2172"]
[PlyCount "73"]
[EventDate "2019.09.28"]
[EventType "swiss"]
[EventRounds "9"]
[EventCountry "SVK"]
[SourceTitle "EXT 2020"]
[Source "ChessBase"]
[SourceDate "2019.10.17"]
[SourceVersion "1"]
[SourceVersionDate "2019.10.17"]
[SourceQuality "1"]

1. e4 c5 2. Nf3 d6 3. d4 cxd4 4. Nxd4 Nf6 5. Nc3 Nc6 6. f3 e5 7. Nb3 Be7 8. Be3 Be6 9. Qd2 0-0 10. g4 a5 11. Bb5 Na7 12. Bd3 Nc8 13. Bb5 Nb6 14. Qf2 Nc4 15. Bxc4 Bxc4 16. Bb6 Qc8 17. Nxa5 Be6 18. Nb3 Qc6 19. Rd1 Rfc8 20. 0-0 Ra6 21. Be3 b5 22. a3 h6 23. h4 Nd7 24. Rd2 Nb6 25. Bxb6 Rxb6 26. Nd5 Bxd5 27. exd5 Qc7 28. Na5 b4 29. Nc6 Rxc6 30. dxc6 bxa3 31. bxa3 Qd8 32. h5 Rxc6 33. Qe2 Bg5 34. Rd3 Qc7 35. Rb1 Rxc2 36. Rb8+ Kh7 37. Qe4+ 1-0

[Event "SVK-chT1E 1819"]
[Site "Slovakia"]
[Date "2018.11.24"]
[Round "3.4"]
[White "Nikanova, Ekaterina"]
[Black "Endresz, Pavol"]
[Result "0-1"]
[WhiteElo "2044"]
[BlackElo "2101"]
[PlyCount "146"]
[EventDate "2018.10.27"]
[EventType "team-tourn"]
[EventRounds "11"]
[EventCountry "SVK"]
[SourceTitle "CBM 188 Extra"]
[Source "ChessBase"]
[SourceDate "2019.02.26"]
[SourceVersion "1"]
[SourceVersionDate "2019.02.26"]
[SourceQuality "1"]
[WhiteTeam "Banska Bystrica Junior"]
[BlackTeam "Kezmarok"]
[WhiteTeamCountry "SVK"]
[BlackTeamCountry "SVK"]

1. e4 c5 2. a3 g6 3. b4 Bg7 4. Nc3 b6 5. Rb1 Nc6 6. g3 e5 7. Bg2 Nge7 8. Nge2 0-0 9. 0-0 d6 10. d3 Nd4 11. Nd5 Nxd5 12. exd5 Bg4 13. f3 Bd7 14. c4 Re8 15. Re1 h5 16. bxc5 bxc5 17. Nxd4 cxd4 18. Bd2 Rb8 19. Qc2 Qc7 20. Rxb8 Rxb8 21. Rb1 Kh7 22. Rxb8 Qxb8 23. f4 f6 24. fxe5 fxe5 25. Bg5 Bh6 26. Bxh6 Kxh6 27. Qd2+ Kg7 28. Qb4 Qc7 29. h4 a5 30. Qb2 Bf5 31. Bf1 Kf7 32. Kh2 Ke7 33. Qd2 Qc5 34. Qb2 Qc7 35. Qd2 Qc5 36. Qb2 Kd8 37. Qb8+ Kd7 38. Bh3 Qxa3 39. Bxf5+ gxf5 40. Qb7+ Kd8 41. Qb8+ Kd7 42. Qb7+ Kd8 43. Qb6+ Kc8 44. Qc6+ Kb8 45. Qb6+ Kc8 46. Qc6+ Kb8 47. Qe8+ Kb7 48. Qd7+ Kb6 49. Qd8+ Kb7 50. Qd7+ Kb8 51. Qxf5 a4 52. Qf8+ Kb7 53. Qe7+ Ka6 54. Qd7 Qb2+ 55. Kh3 a3 56. Qxd6+ Ka5 57. Qxe5 a2 58. d6+ Ka4 59. Qe8+ Kb3 60. Qb5+ Kc3 61. Qa5+ Kc2 62. Qxh5 a1Q 63. d7 Qh1+ 64. Kg4 Qd1+ 65. Kg5 Qxh5+ 66. Kxh5 Qb8 67. c5 Qe5+ 68. Kg6 Qe6+ 69. Kg5 Qxd7 70. h5 Kxd3 71. h6 Qh7 72. g4 Ke4 73. c6 d3 0-1

[Event "SVK-chT2D 1718"]
[Site "Slovakia"]
[Date "2017.10.28"]
[Round "1.1"]
[White "Krak, Tomas"]
[Black "Endresz, Pavol"]
[Result "1-0"]
[WhiteElo "2310"]
[BlackElo "2051"]
[PlyCount "93"]
[EventDate "2017.10.28"]
[EventType "team-tourn"]
[EventRounds "11"]
[EventCountry "SVK"]
[SourceTitle "EXT 2019"]
[Source "ChessBase"]
[SourceDate "2018.10.10"]
[SourceVersion "1"]
[SourceVersionDate "2018.10.10"]
[SourceQuality "1"]
[WhiteTeam "Humenne Reinter"]
[BlackTeam "Poprad LS VD"]
[WhiteTeamCountry "SVK"]
[BlackTeamCountry "SVK"]

1. e4 c6 2. Nc3 d5 3. Nf3 Bg4 4. b3 Bxf3 5. Qxf3 e6 6. g3 g6 7. d4 Bg7 8. Be3 Nd7 9. Bg2 Ne7 10. 0-0 0-0 11. Rad1 h6 12. Rfe1 Qb6 13. Bc1 Kh7 14. Qf4 Rae8 15. h4 a6 16. Na4 Qa5 17. Nc3 Qb6 18. Na4 Qa5 19. Nc3 Qb6 20. Qd6 Qd8 21. Bh3 f5 22. exd5 exd5 23. h5 gxh5 24. Re6 Nc8 25. Rxh6+ Kg8 26. Qg6 Rf6 27. Qh7+ Kf7 28. Bxf5 Rxf5 29. Qxf5+ Nf6 30. Rxh5 Nd6 31. Qf3 Kg8 32. Bg5 Rf8 33. Bxf6 Rxf6 34. Qd3 Qe8 35. Qh7+ Kf8 36. Qh8+ Bxh8 37. Rxh8+ Kf7 38. Rxe8 Kxe8 39. Re1+ Kd7 40. Na4 Rf7 41. Nc5+ Kc7 42. c3 a5 43. Kg2 b6 44. Nd3 a4 45. a3 Nc4 46. Re2 Kd6 47. Ne5 1-0

[Event "SVK-chT2D 1617"]
[Site "Slovakia"]
[Date "2017.02.12"]
[Round "9.1"]
[White "Balazs, Ladislav"]
[Black "Endresz, Pavol"]
[Result "1-0"]
[WhiteElo "2087"]
[BlackElo "2006"]
[PlyCount "125"]
[EventDate "2016.10.08"]
[EventType "team-tourn"]
[EventRounds "11"]
[EventCountry "SVK"]
[SourceTitle "EXT 2018"]
[Source "ChessBase"]
[SourceDate "2017.10.13"]
[SourceVersion "1"]
[SourceVersionDate "2017.10.13"]
[SourceQuality "1"]
[WhiteTeam "Kosice Dynamo"]
[BlackTeam "Poprad LS VD"]
[WhiteTeamCountry "SVK"]
[BlackTeamCountry "SVK"]

1. e4 c5 2. Nf3 g6 3. d4 cxd4 4. Nxd4 Nc6 5. Nc3 Bg7 6. Nxc6 bxc6 7. Bc4 d6 8. 0-0 Qc7 9. Qf3 Nf6 10. Qg3 0-0 11. Bg5 Ng4 12. h3 Ne5 13. Bb3 Ba6 14. Rfe1 e6 15. Rad1 c5 16. f4 Nc6 17. f5 Be5 18. Bf4 c4 19. Ba4 Bxf4 20. Qxf4 Ne5 21. f6 Kh8 22. Qh6 Rg8 23. Rf1 Rad8 24. Qe3 g5 25. Rf2 Rb8 26. Qd4 Rb6 27. b3 Rg6 28. b4 Qb8 29. a3 h6 30. Nb1 Kh7 31. Nd2 Qh8 32. Nf3 Rxf6 33. Nxe5 dxe5 34. Qxe5 Rxf2 35. Qxh8+ Kxh8 36. Kxf2 Kg7 37. Ke3 Kf6 38. Rf1+ Ke7 39. c3 Bb7 40. Bc2 Rd6 41. a4 Rd8 42. b5 f5 43. a5 Bxe4 44. Bxe4 fxe4 45. Kxe4 Rd3 46. b6 axb6 47. a6 Rd8 48. Rb1 Rb8 49. Kd4 Kd6 50. Kxc4 Kc6 51. Re1 Re8 52. Kd4 Kd6 53. Rb1 e5+ 54. Ke4 Kc5 55. a7 Ra8 56. Ra1 b5 57. Kxe5 Kb6 58. Kf6 Rxa7 59. Rxa7 Kxa7 60. Kg6 Kb6 61. Kxh6 Kc5 62. Kxg5 Kc4 63. h4 1-0

[Event "Stara Lubovna op"]
[Site "Stara Lubovna"]
[Date "2014.04.10"]
[Round "5"]
[White "Endresz, Pavol"]
[Black "Danada, Tomas"]
[Result "1-0"]
[WhiteElo "1903"]
[BlackElo "2085"]
[PlyCount "71"]
[EventDate "2014.04.06"]
[EventType "swiss"]
[EventRounds "7"]
[EventCountry "SVK"]
[SourceTitle "CBM 160 Extra"]
[Source "ChessBase"]
[SourceDate "2014.07.01"]
[SourceVersion "1"]
[SourceVersionDate "2014.07.01"]
[SourceQuality "1"]

1. e4 c6 2. d4 d5 3. Nc3 dxe4 4. Nxe4 Bf5 5. Ng3 Bg6 6. h4 h6 7. h5 Bh7 8. Nf3 Nd7 9. Bd3 Bxd3 10. Qxd3 e6 11. Bd2 Ngf6 12. 0-0-0 Be7 13. Kb1 0-0 14. Ne4 Nxe4 15. Qxe4 Nf6 16. Qe2 Qd5 17. Ne5 Qe4 18. Rde1 Qxe2 19. Rxe2 Rad8 20. Be3 Nd5 21. c4 Nb6 22. Kc2 Nd7 23. Rd1 Nf6 24. g4 Bd6 25. Rg1 Nh7 26. f4 f5 27. Reg2 Bxe5 28. dxe5 Rd7 29. Bc5 Re8 30. gxf5 exf5 31. Rg6 Nf8 32. Rxh6 Ne6 33. Bd6 Kf7 34. Rhg6 Rh8 35. Rxe6 Kxe6 36. Rg6+ 1-0

[Event "SVK-chT1E 1213"]
[Site "Slovakia"]
[Date "2013.03.24"]
[Round "11.4"]
[White "Falticko, Pavol"]
[Black "Endresz, Pavol"]
[Result "1/2-1/2"]
[WhiteElo "1894"]
[BlackElo "1856"]
[PlyCount "45"]
[EventDate "2012.10.20"]
[EventType "team-tourn"]
[EventRounds "11"]
[EventCountry "SVK"]
[SourceTitle "EXT 2015"]
[Source "ChessBase"]
[SourceDate "2014.11.20"]
[SourceVersion "1"]
[SourceVersionDate "2014.11.20"]
[SourceQuality "1"]
[WhiteTeam "Stara Lubovna"]
[BlackTeam "Svit"]
[WhiteTeamCountry "SVK"]
[BlackTeamCountry "SVK"]

1. d4 Nf6 2. c4 g6 3. Nc3 Bg7 4. e4 d6 5. Nf3 0-0 6. Be2 Na6 7. 0-0 e5 8. dxe5 dxe5 9. Qxd8 Rxd8 10. Bg5 h6 11. Bxf6 Bxf6 12. Nd5 Bg7 13. Ne7+ Kf8 14. Nxc8 Raxc8 15. Rfd1 Nc5 16. Nd2 h5 17. f3 Bh6 18. Nf1 Ke7 19. Kf2 Ne6 20. Rxd8 Rxd8 21. Rd1 Nd4 22. Bd3 h4 23. Ne3 1/2-1/2

[Event "SVK-chT1E 1213"]
[Site "Slovakia"]
[Date "2013.03.23"]
[Round "10.3"]
[White "Endresz, Pavol"]
[Black "Kravec, Patrik"]
[Result "0-1"]
[WhiteElo "1856"]
[BlackElo "1925"]
[PlyCount "62"]
[EventDate "2012.10.20"]
[EventType "team-tourn"]
[EventRounds "11"]
[EventCountry "SVK"]
[SourceTitle "EXT 2015"]
[Source "ChessBase"]
[SourceDate "2014.11.20"]
[SourceVersion "1"]
[SourceVersionDate "2014.11.20"]
[SourceQuality "1"]
[WhiteTeam "Svit"]
[BlackTeam "Sabinov"]
[WhiteTeamCountry "SVK"]
[BlackTeamCountry "SVK"]

1. e4 c5 2. Nf3 d6 3. d4 cxd4 4. Nxd4 Nf6 5. Nc3 Nc6 6. Be2 e6 7. 0-0 Be7 8. Be3 0-0 9. f4 a6 10. a4 Bd7 11. Qe1 Nxd4 12. Bxd4 Bc6 13. Bd3 Qc7 14. Qg3 Nh5 15. Qh3 g6 16. f5 exf5 17. exf5 Bf6 18. Bxf6 Nxf6 19. fxg6 fxg6 20. Qg3 Kg7 21. Kh1 Rae8 22. Rae1 Qd7 23. Rxe8 Rxe8 24. Qf4 Qe7 25. Bc4 Qe5 26. Qf2 Ng4 27. Qh4 Bxg2+ 28. Kxg2 Ne3+ 29. Kg1 Nxf1 30. Kxf1 Rf8+ 31. Kg1 Rf4 0-1

[Event "SVK-chT1E 1213"]
[Site "Slovakia"]
[Date "2013.02.24"]
[Round "9.2"]
[White "Endresz, Pavol"]
[Black "Rolny, Jozef"]
[Result "1-0"]
[WhiteElo "1856"]
[BlackElo "1696"]
[PlyCount "45"]
[EventDate "2012.10.20"]
[EventType "team-tourn"]
[EventRounds "11"]
[EventCountry "SVK"]
[SourceTitle "EXT 2015"]
[Source "ChessBase"]
[SourceDate "2014.11.20"]
[SourceVersion "1"]
[SourceVersionDate "2014.11.20"]
[SourceQuality "1"]
[WhiteTeam "Svit"]
[BlackTeam "Rajecke Teplice"]
[WhiteTeamCountry "SVK"]
[BlackTeamCountry "SVK"]

1. e4 c5 2. Nf3 d6 3. d4 cxd4 4. Nxd4 Nf6 5. Nc3 a6 6. Bg5 e6 7. f4 Be7 8. Qf3 d5 9. 0-0-0 dxe4 10. Nxe4 Nxe4 11. Qxe4 Qa5 12. Bxe7 Kxe7 13. f5 Rd8 14. Bc4 e5 15. Qh4+ f6 16. Ne6 Bxe6 17. Bxe6 h6 18. Qh5 Rd4 19. Qf7+ Kd6 20. Qxb7 Nc6 21. Qxa8 Qb6 22. c3 Qc5 23. Qf8+ 1-0

[Event "SVK-chT1E 1213"]
[Site "Slovakia"]
[Date "2012.12.09"]
[Round "4.8"]
[White "Staffen, Richard"]
[Black "Endresz, Pavol"]
[Result "0-1"]
[WhiteElo "1883"]
[BlackElo "1856"]
[PlyCount "78"]
[EventDate "2012.10.20"]
[EventType "team-tourn"]
[EventRounds "11"]
[EventCountry "SVK"]
[SourceTitle "EXT 2014"]
[Source "ChessBase"]
[SourceDate "2013.11.20"]
[SourceVersion "1"]
[SourceVersionDate "2013.11.20"]
[SourceQuality "1"]
[WhiteTeam "Zilina Mladost"]
[BlackTeam "Svit"]
[WhiteTeamCountry "SVK"]
[BlackTeamCountry "SVK"]

1. d4 Nf6 2. c4 g6 3. Nc3 Bg7 4. e4 d6 5. Nf3 0-0 6. Be2 Na6 7. 0-0 e5 8. d5 Nc5 9. Nd2 a5 10. Rb1 Ne8 11. a3 a4 12. b4 axb3 13. Nxb3 f5 14. Nxc5 dxc5 15. f3 f4 16. Qd2 Ra6 17. Rd1 Qh4 18. Nb5 g5 19. Bf1 g4 20. fxg4 Bxg4 21. Re1 Rh6 22. h3 f3 23. Re3 f2+ 24. Kh2 Rg6 25. Qd3 Bh6 26. Qc3 Bxe3 27. Qxe5 Bxc1 28. Rxc1 Bd7 29. Rc2 Qf4+ 30. Qxf4 Rxf4 31. e5 Bxb5 32. cxb5 b6 33. g3 Re4 34. e6 Re5 35. Rxf2 Rxd5 36. e7 Rf6 37. Rxf6 Nxf6 38. Bc4 Kf7 39. g4 Kxe7 0-1

[Event "Tatry op"]
[Site "Tatranske Zruby"]
[Date "2010.10.08"]
[Round "8"]
[White "Budinsky, Jozef"]
[Black "Endresz, Pavol"]
[Result "1-0"]
[WhiteElo "2029"]
[BlackElo "1867"]
[PlyCount "79"]
[EventDate "2010.10.02"]
[EventType "swiss"]
[EventRounds "9"]
[EventCountry "SVK"]
[SourceTitle "CBM 138 Extra"]
[Source "ChessBase"]
[SourceDate "2010.10.29"]
[SourceVersion "1"]
[SourceVersionDate "2010.10.29"]
[SourceQuality "1"]

1. c4 e5 2. Nc3 Nc6 3. g3 g6 4. Bg2 Bg7 5. e3 f5 6. d3 Nf6 7. Nge2 0-0 8. 0-0 d6 9. a3 a5 10. Rb1 Be6 11. Nd5 Bf7 12. Nec3 Nxd5 13. Nxd5 Rb8 14. Qa4 Be8 15. Qc2 Ne7 16. b4 axb4 17. axb4 c6 18. Nxe7+ Qxe7 19. Ra1 e4 20. d4 Bf7 21. Ra5 b6 22. Ra6 Qb7 23. b5 Ra8 24. Qa4 Rxa6 25. bxa6 Qc7 26. Bb2 Ra8 27. Ra1 Ra7 28. Bf1 Be6 29. Qb3 Kh8 30. d5 Bc8 31. c5 bxc5 32. Bxg7+ Kxg7 33. dxc6 Qxc6 34. Bb5 Qb6 35. Qc3+ Kh6 36. Ra5 Bd7 37. Be2 Qc7 38. Qf6 Qxa5 39. Qf8+ Kg5 40. h4# 1-0

[Event "Tatry op"]
[Site "Tatranske Zruby"]
[Date "2010.10.07"]
[Round "7"]
[White "Endresz, Pavol"]
[Black "Orosi, Peter"]
[Result "0-1"]
[WhiteElo "1867"]
[BlackElo "2004"]
[PlyCount "84"]
[EventDate "2010.10.02"]
[EventType "swiss"]
[EventRounds "9"]
[EventCountry "SVK"]
[SourceTitle "CBM 138 Extra"]
[Source "ChessBase"]
[SourceDate "2010.10.29"]
[SourceVersion "1"]
[SourceVersionDate "2010.10.29"]
[SourceQuality "1"]

1. e4 d5 2. exd5 Qxd5 3. Nc3 Qd6 4. d4 Nf6 5. Nf3 a6 6. g3 b5 7. a3 Bb7 8. Bg2 e6 9. 0-0 Nbd7 10. Re1 Be7 11. Bf4 Qb6 12. a4 0-0 13. a5 Qa7 14. Qe2 Bd6 15. Be3 c5 16. Rad1 Rac8 17. Ng5 Bxg2 18. Kxg2 Qb7+ 19. Kg1 h6 20. dxc5 Bxc5 21. Bxc5 Nxc5 22. Nf3 b4 23. Na2 Nd5 24. c4 bxc3 25. bxc3 Qc7 26. c4 Nf6 27. Qc2 Qxa5 28. Nc3 Rfd8 29. Ne5 Qc7 30. f4 Rxd1 31. Rxd1 Rd8 32. Rxd8+ Qxd8 33. Na4 Qd4+ 34. Kf1 Qa1+ 35. Kg2 Qxa4 36. Qb2 Qb3 37. Qd2 Qb7+ 38. Kg1 Qb8 39. Qd4 Nfe4 40. Qd1 Qd6 41. Qh5 Qd4+ 42. Kh1 Qd1+ 0-1